GZM - Linia M13 wszystkie przystanki - Statystyki

Ogólne statystyki
  • Ten quiz został rozwiązany 4 razy
  • Średni wynik to 9 z 22
Statystyki odpowiedzi
Lp. Miasto Ulica Przystanek % Poprawnych
2. Katowice Dworcowa Katowice Dworzec
100%
1. Katowice SądowaMarii Goeppert-Mayer Katowice Sądowa
100%
6. ↑ Katowice Francuska Katowice Francuska
75%
4. ↓ Katowice Jagiellońska Katowice Jagiellońska
75%
5. ↓ Katowice Francuska Katowice Komenda Policji
75%
3. Katowice Tadeusza KościuszkiJagiellońska Katowice Plac Miarki
75%
22. Sosnowiec Inwestycyjna Bobrek Inwestycyjna Pętla II
50%
10. ↑ Katowice Gościnna Giszowiec Gościnna
50%
7. Katowice Batalionów Chłopskich Giszowiec Kościół
50%
9. ↓ Katowice Mysłowicka Giszowiec Mysłowicka
50%
8. Katowice Radosna Giszowiec Radosna
50%
11. Mysłowice Mikołowska Mysłowice Mikołowska Markety
50%
12. Mysłowice Mikołowska Mysłowice Cmentarz
25%
13. Mysłowice Krakowska Mysłowice Kościół
25%
15. Sosnowiec Wojska Polskiego Niwka Fabryka
25%
14. Sosnowiec Orląt Lwowskich Niwka Kościół
25%
18. Sosnowiec InwestycyjnaInnowacyjna Bobrek Innowacyjna
0%
19. ↓ Sosnowiec Inwestycyjna Bobrek Inwestycyjna Pętla I
0%
20. ↓ Sosnowiec Inwestycyjna Bobrek Inwestycyjna Wiadukt
0%
21. ↑ Sosnowiec Innowacyjna Bobrek Logistyczna
0%
17. Sosnowiec Kalinowa Dańdówka Droga Kalinowa
0%
16. Sosnowiec Wojska Polskiego Niwka Pawiak
0%
Nie znaleziono quizów pasujących do podanych kryteriów
Rozkład punktacji
Procent ludzi z każdym wynikiem
Percentyl według liczby udzielonych odpowiedzi
Twoja historia wyników
Nie rozwiązałeś tego quizu